Development of the larvae and variations in the size of the eggs of the Argentine anchovy, engraulis anchoita Hubbs and Marini /

Guardado en:
Autor Principal: Ciechomski, Janina Dz. de.
Formato: Libro
Idioma:English
Publicado: Mar del Plata : Instituto de biología marina, 1966.
Etiquetas: Agregar Etiqueta
Sin Etiquetas, Sea el primero en etiquetar este registro!
LEADER 00572nam a22001455a 4500
001 EUN.um030813
003 AR-BaUNS
005 20050623122906.0
008 041125s1966####ag#a##########000#0#eng#d
245 1 0 |a Development of the larvae and variations in the size of the eggs of the Argentine anchovy, engraulis anchoita Hubbs and Marini /  |c Janina Dz. de Ciechomski. 
260 |a Mar del Plata :  |b Instituto de biología marina,  |c 1966. 
300 |a 10 p. :  |b ilus. ;  |c 25 cm. 
100 1 |a Ciechomski, Janina Dz. de. 
082 0 4 |a 597 
859 |a Ar-BaUNS  |b BIB. CENTRAL - Sector C  |h 597  |i C486  |p D312/967